| 000 | 00869nmm a2200277 a 4500 | ||
|---|---|---|---|
| 001 | ocm000608617 | ||
| 003 | TR-IsHL | ||
| 005 | 20201028133149.0 | ||
| 008 | 131121s2005 tu tur | ||
| 007 | cr cn | ||
| 020 | _a9789759129255 | ||
| 035 |
_a608617 _b(N$T) |
||
| 050 | 0 | 4 |
_aPJ7542 _b.H79 2005 |
| 090 | 0 | 4 |
_aPJ7542 _b.H79 2005 |
| 100 | 1 | _aHüseyin, Saddam | |
| 245 | 1 | 0 |
_aDefol git lanetli! _h[electronic resource] / _cSaddam Hüseyin ; çev. Defne Bayrak |
| 260 |
_aİstanbul : _bAkis Kitap, _c2005 |
||
| 300 | _a192 p. | ||
| 650 | 4 | _aDil ve Edebiyat | |
| 650 | 4 | _aLanguage and Literature | |
| 650 | 0 | _aArap edebiyatı | |
| 650 | 0 | _aArabic literature | |
| 650 | 7 |
_aLITERARY COLLECTIONS / Middle Eastern _2bisacsh |
|
| 700 | 1 | _aBayrak, Defne | |
| 856 | 4 | 0 | _uhttp://search.ebscohost.com/login.aspx?direct=true&scope=site&db=e011xww&AN=608617 |
| 999 |
_c5488 _d5488 |
||